|
|
|
|
| LEADER |
01864nam a2200493 a 4500 |
| 001 |
nkc20061700665 |
| 003 |
CZ PrNK |
| 005 |
20200526235007.0 |
| 007 |
ta |
| 008 |
061206s2006 xr a e 000 0 cze |
| 015 |
|
|
|a cnb001700665
|
| 020 |
|
|
|a 80-86757-65-X
|q (Vega-L ;
|q brož.)
|
| 035 |
|
|
|a (OCoLC)124090726
|
| 040 |
|
|
|a BOA001
|b cze
|d OLA001
|
| 043 |
|
|
|a e-xr---
|b e-xr-st
|2 czenas
|
| 045 |
|
|
|a x4y0
|
| 072 |
|
7 |
|a 94(437)
|x Dějiny Česka a Slovenska
|2 Konspekt
|9 8
|
| 080 |
|
|
|a 94-021.143
|2 MRF
|
| 080 |
|
|
|a 070-027.541
|2 MRF
|
| 080 |
|
|
|a 94(437.312)
|2 MRF
|
| 080 |
|
|
|a (048.8)
|2 MRF
|
| 100 |
1 |
|
|a Najbrt, František,
|d 1932-2014
|7 mzk2002160759
|4 aut
|
| 245 |
1 |
0 |
|a Jak šla léta nymburským regionem, aneb, O čem psal dobový tisk 1946-2000 /
|c František Najbrt
|
| 246 |
3 |
0 |
|a O čem psal dobový tisk 1946-2000
|
| 260 |
|
|
|a Nymburk :
|b Vega-L,
|c 2006
|
| 300 |
|
|
|a 113 s. :
|b il. ;
|c 21 cm
|
| 500 |
|
|
|a 500 výt.
|
| 550 |
|
|
|a Vydavatel: Město Nymburk
|
| 648 |
|
4 |
|a 1946-2000
|
| 650 |
0 |
7 |
|a události
|7 ph126858
|z Česko
|y 1946-2000
|2 czenas
|
| 650 |
0 |
7 |
|a regionální tisk
|7 ph119659
|z Česko
|y 1946-2000
|2 czenas
|
| 650 |
0 |
9 |
|a events
|z Czechia
|y 1946-2000
|2 eczenas
|
| 650 |
0 |
9 |
|a regional press
|z Czechia
|y 1946-2000
|2 eczenas
|
| 651 |
|
7 |
|a Nymburk (Česko : oblast)
|7 ge130259
|x dějiny
|y 1946-2000
|2 czenas
|
| 651 |
|
9 |
|a Nymburk Region (Czechia)
|x history
|y 1946-2000
|2 eczenas
|
| 655 |
|
7 |
|a přehledy
|7 fd133202
|2 czenas
|
| 655 |
|
9 |
|a surveys
|2 eczenas
|
| 710 |
1 |
|
|a Nymburk (Česko).
|b Městský úřad
|7 mzk2005280399
|
| 856 |
4 |
1 |
|u http://www.digitalniknihovna.cz/mzk/uuid/uuid:492538b0-94e1-11ea-929f-005056827e52
|y Digitalizovaný dokument
|x NDK
|
| 910 |
2 |
|
|a BOA001
|b 2-1180.605
|
| 990 |
|
|
|a BK
|
| 995 |
|
|
|a 01
|
| 991 |
|
|
|b 200702
|c NOV
|
| 996 |
6 |
|
|b 2610300805
|c 2-1180.605
|l MZK
|r Sklad / do 1 hodiny
|n 0
|p p.v.
|w 000839788
|u 000010
|a 1
|e BOA001
|j MZK50
|s P
|